MDQL
is popping MORE tags! Check the
thread
!
Quizzes
Events
Quiz Creation
Community
Videos
Private Events
Remove Ads
Sign In
Join for FREE
Feedback
Dark Mode
Quiz Categories
Sports
Geography
Music
Movies
Television
Just For Fun
Miscellaneous
History
Literature
Language
Science
Gaming
Entertainment
Religion
Holiday
For Kids
Quiz Lab
Recent
Popular Today
Quiz Kudos Today
Editor Picks
Curator Picks
Quizzes by...
Day
Popularity
Type
Ratings
Length
Year
Community
Subscriptions
Recent Discussions
Orange Saloon
Badges
Playlists
Quests
Create
Leaderboards
Showdown
Live 5
Trivia Bingo
Activity
Puzzle Library
Sporcle Events
Private Events
Virtual Trivia
Globe League
Become a Host
Pub Owners
SporcleCon
Opinionation
Our Games
Videos
Blog
Mobile Apps
Partnerships
Remove Ads and Go Orange
Feedback
Music
Pop Music
The Beatles
Song
Album
Lyrics
Bands
Singers
Artist
Clip
Rock
Rap
Classical
Billboard
Country Music
Kpop
Taylor Swift
Music
Pop Music
The Beatles
Song
Album
Lyrics
Bands
Singers
Artist
Clip
Rock
Rap
Classical
Billboard
Country Music
Kpop
Taylor Swift
Random Quiz
Search Sporcle
×
Quiz Lab
Quiz Lab
Music
Lucy
Type in answers that appear in a list
Type in answers that appear in a list
Classic
Best Score? Go Orange.
Lucy Hale - 'From the Backseat' Stats
Lyrics to Lucy Hale's 'From the Backseat'
By
emelia_j53
10m
289 Questions
12 Plays
12 Plays
12 Plays
Comments
Comments
Give Quiz Kudos
Give Quiz Kudos
-
- Ratings
hide this ad
Replay
Link that replays current quiz
Next Quiz
Link to next quiz in quiz playlist
You Got
0%
They Got
Avg Score
71%
Avg Friend Score
Upgrade to see
Score Distribution
Jump to the score distribution portion of the page
Score
0/289
Timer
10:00
0
Plays Today
Answer
% Correct
a
100%
a
100%
the
100%
And
100%
a
100%
the
100%
the
100%
the
100%
and
100%
the
100%
the
100%
the
100%
the
100%
and
100%
the
100%
and
100%
a
100%
and
100%
a
100%
And
100%
the
100%
the
100%
And
100%
a
100%
And
100%
And
100%
the
100%
the
100%
and
100%
the
100%
a
100%
the
100%
and
100%
the
100%
the
100%
the
100%
the
100%
and
100%
the
100%
a
100%
a
100%
We
91.7%
in
91.7%
I
91.7%
on
91.7%
Coca-Cola
91.7%
in
91.7%
on
91.7%
we
91.7%
I
91.7%
we
91.7%
on
91.7%
we
91.7%
I
91.7%
we
91.7%
I
91.7%
We
91.7%
in
91.7%
I
91.7%
on
91.7%
Coca-Cola
91.7%
were
83.3%
burning
83.3%
days
83.3%
of
83.3%
July
83.3%
dad
83.3%
to
83.3%
of
83.3%
to
83.3%
of
83.3%
back
83.3%
from
83.3%
seat
83.3%
of
83.3%
to
83.3%
from
83.3%
day
83.3%
day's
83.3%
to
83.3%
to
83.3%
to
83.3%
back
83.3%
from
83.3%
seat
83.3%
of
83.3%
to
83.3%
from
83.3%
were
83.3%
burning
83.3%
Corolla
75%
Three
75%
hours
75%
deep
75%
South
75%
Dakota
75%
was
75%
Answer
% Correct
lukewarm
75%
dog
75%
my
75%
was
75%
driver
75%
You
75%
see
75%
You
75%
You
75%
You
75%
But
75%
you
75%
learn
75%
love
75%
So
75%
my
75%
see
75%
you
75%
You
75%
see
75%
You
75%
You
75%
You
75%
But
75%
you
75%
learn
75%
love
75%
Corolla
75%
Three
75%
hours
75%
deep
75%
South
75%
Dakota
75%
was
75%
lukewarm
75%
'94
66.7%
into
66.7%
working
66.7%
Stayed
66.7%
Lois
66.7%
Lane
66.7%
beside
66.7%
him
66.7%
Kissing
66.7%
signs
66.7%
by
66.7%
Even
66.7%
stop
66.7%
pull
66.7%
over
66.7%
He
66.7%
never
66.7%
took
66.7%
his
66.7%
hand
66.7%
her
66.7%
miles
66.7%
reach
66.7%
Sit
66.7%
smile
66.7%
chase
66.7%
sun
66.7%
feel
66.7%
hum
66.7%
feet
66.7%
pretty
66.7%
free
66.7%
backseat
66.7%
one
66.7%
rolling
66.7%
along
66.7%
part
66.7%
time
66.7%
job
66.7%
his
66.7%
hand
66.7%
stop
66.7%
he
66.7%
over
66.7%
Chorus
66.7%
backseat
66.7%
miles
66.7%
reach
66.7%
Sit
66.7%
smile
66.7%
chase
66.7%
sun
66.7%
feel
66.7%
hum
66.7%
feet
66.7%
pretty
66.7%
free
66.7%
backseat
66.7%
'94
66.7%
into
66.7%
working
66.7%
stickshift
58.3%
Answer
% Correct
billboard
58.3%
as
58.3%
they
58.3%
went
58.3%
blurring
58.3%
when
58.3%
they
58.3%
would
58.3%
off
58.3%
shoulder
58.3%
can
58.3%
for
58.3%
can
58.3%
dial
58.3%
front
58.3%
can
58.3%
can
58.3%
axles
58.3%
underneath
58.3%
your
58.3%
When
58.3%
you're
58.3%
sitting
58.3%
shotgun
58.3%
You're
58.3%
sitting
58.3%
blink
58.3%
I'm
58.3%
with
58.3%
blue
58.3%
pom-poms
58.3%
with
58.3%
right
58.3%
knee
58.3%
prom
58.3%
right
58.3%
where
58.3%
with
58.3%
when
58.3%
off
58.3%
When
58.3%
can
58.3%
for
58.3%
can
58.3%
dial
58.3%
front
58.3%
can
58.3%
can
58.3%
axles
58.3%
underneath
58.3%
your
58.3%
When
58.3%
you're
58.3%
sitting
58.3%
shotgun
58.3%
You're
58.3%
sitting
58.3%
rhythm
50%
Like
50%
every
50%
knock-off
50%
song
50%
made
50%
age
50%
old
50%
night
50%
promise
50%
Put
50%
corsage
50%
it
50%
didn't
50%
didn't
50%
care
50%
it
50%
wanted
41.7%
found
41.7%
road
41.7%
nobody
41.7%
think
41.7%
motor
41.7%
lights
41.7%
climbed
41.7%
through
41.7%
good
41.7%
take
41.7%
Mellencamp
33.3%
killed
33.3%
Shut
33.3%
Up
33.3%
here
33.3%
clear
33.3%
rearview
33.3%
It's
33.3%
get
33.3%
superhero
16.7%
Quiz Playlist
Details
Report
Send in Message
Add To Playlist
Classic:
Type in answers that appear in a list
Last Updated: Feb 16, 2017
Quiz Scoreboard
CHALLENGE
Sign Up to Join the Scoreboard
Show All
Scores
Hide
Comments
May contain spoilers
Recently Published
Holiday 10x10 Sorting Gallery
by lukepisani3
Holiday
15m
Two Season TV Shows II
by 123Four
Television
10m
Image Sorting: Flags VI
by Barbecue
Geography
2m
More to Explore
Quiz From the Vault
Featured Blog Post
14 Easter Pick-up Lines to Find Eggs With
hide this ad
You Might Also Like...
Tags
Lucy
Today's Top Quizzes in Music
Browse Music
hide this ad
Today's Top Quizzes in Lucy
Browse Lucy
Top Contributed Quizzes in Music
1
5X2 Blitz: Bands II
2
5X2 Blitz: The Beatles
3
Taylor Swift All Songs (2024)
4
5X2 Blitz: Billboard
5
5X2 Blitz: Billboard II
6
Music Artist by Three 2010s hits
7
5X2 Blitz: Album
8
5X2 Blitz: Rock
9
5X2 Blitz: Singers
10
5X2 Blitz: Lyrics
Explore More
Trending Topics
Disney
Kpop
Crossword
Marvel
Anime
NBA
Harry Potter
Song
Pokémon
NFL
Country
WWE
Soccer
Puzzle
The Office
hide this ad
More By:
emelia_j53
Quiz
Plays
Rating
Category
Featured
Created
Avril Lavigne - 'Complicated' lyrics
5,667
2.83
Music
Mar 13, 2014
Avril Lavigne - 'My Happy Ending'
3,430
4.94
Music
Apr 28, 2014
Tracy Chapman - Fast Car
2,231
2.17
Music
Feb 24, 2014
'Drops of Jupiter' lyrics
2,170
3.00
Music
Feb 23, 2014
Taylor Swift - 'Fifteen' lyrics
2,111
3.29
Music
May 1, 2014
Go to Creator's Profile
Score Distribution
Quiz Creator Spotlight
emelia_j53
Follow
Send a Message
Quizzes Created
-
Created Quiz Play Count
-
More By This Creator
Popular Quizzes Today
1
Find the US States - No Outlines Minefield
2
Colored Red Africa Blitz
3
Find the 'City' Movie
4
The Countries of the World
5
5x2 Blitz: Bands
6
Find the Countries of Europe - No Outlines Minefield
7
Find the US States
8
US States
More Music Quizzes
Top 100 Bands (1961)
Quiz Lab
Trending Quizzes
Colored Red Europe Blitz I
Colored Red Africa Blitz II
Colored Red Europe Blitz II
Even More Two Season TV Shows
Colored Red Africa Blitz III
Recently Updated
Quick Pick: 20 Twenties
pecheneg
March Madness Men's Triple Doubles
pecheneg
How Do You Spell That?
pecheneg
Godzilla Movies
pecheneg
Grab Bag: 4-10 Letters
pecheneg
2024 March Madness Bracket
pecheneg
Famous TV Couples
Peacemaker
Champions League XIs: Real Madrid
pecheneg
Largest US Cities 1790-2010
pecheneg
Rides in Walt Disney World
pecheneg
Trending Topics
NBA
Crossword
Disney
Anime
Marvel
Kpop
Harry Potter
Puzzle
WWE
The Office
Pokémon
NFL
Soccer
Country
Song
Your Account Isn't Verified!
In order to create a playlist on Sporcle, you need to verify the email address you used during registration. Go to your
Sporcle Settings
to finish the process.
Report this User
Report this user for behavior that violates our
Community Guidelines
.
Details:
Send Report
Go to the Sporcle.com Mobile Site →
Comments